000 00840nam a22001937a 4500
005 20250911163617.0
010 _aB-774960-976 20BACCHEN25
020 _c499.00
_a9789354718533
035 _aB-774960-976
037 _bScholastic
082 _aS
100 _aSpillman , Ken
_d2024
_985002
245 _aCollection of Jake;s Stories /
_hEnglish
_cby Ken spillman
260 _c2024
_aGurgaon
_bScholastic India PVT. Ltd.
270 _aA-27, Ground Floor , Sigma Centre , Infocity -1 , sector -34 , Gurgaon - 122001
300 _a299p.g
_c21 cm.(pd)
942 _2ddc
_cCH
_hS
_mSPI
999 _c209696
_d209696